|
|
|
|
| LEADER |
00000cam a2200000 c 4500 |
| 001 |
271829559 |
| 003 |
DE-627 |
| 005 |
20251222212115.0 |
| 007 |
tu |
| 008 |
970115s1997 gw ||||| m 00| ||ger c |
| 015 |
|
|
|a 97,N01,0334
|2 dnb
|
| 015 |
|
|
|a 97,H06,0335
|2 dnb
|
| 016 |
7 |
|
|a 949196800
|2 DE-101
|
| 020 |
|
|
|a 3631313306
|9 3-631-31330-6
|
| 035 |
|
|
|a (DE-627)271829559
|
| 035 |
|
|
|a (DE-576)056608381
|
| 035 |
|
|
|a (DE-599)GBV271829559
|
| 035 |
|
|
|a (OCoLC)246662652
|
| 035 |
|
|
|a (OCoLC)845317823
|
| 040 |
|
|
|a DE-627
|b ger
|c DE-627
|e rakwb
|
| 041 |
|
|
|a ger
|
| 044 |
|
|
|c XA-DE
|c XA-CH
|c XD-US
|
| 050 |
|
0 |
|a KK8879
|
| 082 |
0 |
|
|a 345.43/0242
|
| 084 |
|
|
|a 19
|a 20
|2 sdnb
|
| 084 |
|
|
|a PH 3760
|2 rvk
|0 (DE-625)rvk/136078:
|
| 084 |
|
|
|a 86.35
|2 bkl
|
| 100 |
1 |
|
|a Erdt, Tom Joachim
|d 1963-
|0 (DE-588)173145124
|0 (DE-627)698067150
|0 (DE-576)13399631X
|4 aut
|
| 109 |
|
|
|a Erdt, Tom Joachim 1963-
|
| 245 |
1 |
4 |
|a Das verwaltungsakzessorische Merkmal der Unbefugtheit in § 324 StGB und seine Stellung im Deliktsaufbau
|c Tom Joachim Erdt
|
| 263 |
|
|
|a kart. : ca. DM 54.00 (freier Pr.)
|
| 264 |
|
1 |
|a Frankfurt am Main
|a Berlin [u.a.]
|b Lang
|c 1997
|
| 300 |
|
|
|a 170 S.
|
| 336 |
|
|
|a Text
|b txt
|2 rdacontent
|
| 337 |
|
|
|a ohne Hilfsmittel zu benutzen
|b n
|2 rdamedia
|
| 338 |
|
|
|a Band
|b nc
|2 rdacarrier
|
| 490 |
1 |
|
|a Europäische Hochschulschriften
|a Reihe 2, Rechtswissenschaft = Droit = Law
|v 2086
|
| 502 |
|
|
|a Zugl.: Heidelberg, Univ., Diss., 1996
|
| 583 |
1 |
|
|a Archivierung/Langzeitarchivierung gewährleistet
|f DISS
|x XA-DE-BW
|2 pdager
|5 DE-16
|
| 583 |
1 |
|
|a Archivierung prüfen
|c 20240324
|f DE-4165
|z 2
|2 pdager
|
| 653 |
|
0 |
|a Water
|a Pollution
|a Law and legislation
|a Germany
|a Criminal provisions
|
| 653 |
|
0 |
|a Administrative responsibility
|a Germany
|
| 655 |
|
7 |
|a Hochschulschrift
|0 (DE-588)4113937-9
|0 (DE-627)105825778
|0 (DE-576)209480580
|2 gnd-content
|
| 689 |
0 |
0 |
|d s
|0 (DE-588)4189299-9
|0 (DE-627)104399023
|0 (DE-576)210058773
|a Wasserverschmutzung
|2 gnd
|
| 689 |
0 |
1 |
|d s
|0 (DE-588)4005305-2
|0 (DE-627)106382160
|0 (DE-576)208860169
|a Genehmigung
|2 gnd
|
| 689 |
0 |
2 |
|d s
|0 (DE-588)4188119-9
|0 (DE-627)105267023
|0 (DE-576)210050640
|a Verwaltungsakzessorietät
|2 gnd
|
| 689 |
0 |
|
|5 DE-101
|
| 751 |
|
|
|a Heidelberg
|0 (DE-588)4023996-2
|0 (DE-627)106300814
|0 (DE-576)208952578
|4 uvp
|
| 830 |
|
0 |
|a Europäische Hochschulschriften
|n Reihe 2
|p Rechtswissenschaft
|v 2086
|9 2086
|w (DE-627)130134236
|w (DE-576)015671542
|w (DE-600)510544-4
|x 0531-7312
|7 am
|
| 856 |
4 |
2 |
|u http://www.gbv.de/dms/spk/sbb/toc/271829559.pdf
|m V:DE-601
|m B:DE-1
|q pdf/application
|x Verlag
|y Inhaltsverzeichnis
|3 Inhaltsverzeichnis
|7 1
|
| 889 |
|
|
|w (DE-627)222417277
|
| 935 |
|
|
|i mdedup
|
| 935 |
|
|
|i Blocktest
|
| 936 |
r |
v |
|a PH 3760
|b Gewässer-, Boden- und Luftverunreinigung
|k Rechtswissenschaft
|k Strafrecht, Strafverfahrensrecht, Kriminologie
|k Strafrecht
|k Straftaten gegen die Umwelt
|k Gewässer-, Boden- und Luftverunreinigung
|0 (DE-627)1272236927
|0 (DE-625)rvk/136078:
|0 (DE-576)202236927
|
| 936 |
b |
k |
|a 86.35
|j Strafrecht: Besonderer Teil
|0 (DE-627)106416731
|
| 951 |
|
|
|a BO
|
| ELC |
|
|
|b 1
|
| LOK |
|
|
|0 000 xxxxxcx a22 zn 4500
|
| LOK |
|
|
|0 001 3163769934
|
| LOK |
|
|
|0 003 DE-627
|
| LOK |
|
|
|0 004 271829559
|
| LOK |
|
|
|0 005 20151116134935
|
| LOK |
|
|
|0 008 150728||||||||||||||||ger|||||||
|
| LOK |
|
|
|0 040
|a DE-21-110
|c DE-627
|d DE-21-110
|
| LOK |
|
|
|0 689
|a s
|a Umweltstrafrecht
|
| LOK |
|
|
|0 689
|a s
|a Verwaltungsakzessorietät
|
| LOK |
|
|
|0 852
|z Kein Bestand am IfK; Nachweis für KrimDok
|
| LOK |
|
|
|0 852
|a DE-21-110
|
| LOK |
|
|
|0 852 1
|9 00
|
| LOK |
|
|
|0 935
|a k110
|
| LOK |
|
|
|0 939
|a 28-07-15
|b l01
|
| ORI |
|
|
|a SA-MARC-krimdoka001.raw
|